Responses for Show #6079 - Thursday, February 3, 2011

IBM Challenge mini-documentary: "What is Watson?"

Contestants

[<< previous game]

Marty Christy, a language arts middle school teacher from Alexandria, Virginia

Mai Do-Burrous, a stay-at-home mother from New York, New York

Fred Cofone, a copy editor from Old Greenwich, Connecticut (whose 1-day cash winnings total $3,200)

[next game >>]

Jeopardy! Round responses

BRITISH NOVELISTS
UP ON MOUNT RUSHMORE
GENESIS QUOTE FILL-IN
UNUSUAL COUNTRY MUSIC LYRICS
"M.C." 5
4-SYLLABLE WORDS
    $200 16
(Charles) Dickens

Marty
    $200 1
(Mai: Who is Jefferson?)

Washington

MaiMarty
    $200 24
(Alex: About a minute to go now, Fred.)

fig leaves

Triple Stumper
    $200 19
Volkswagen

Fred
    $200 4
Michael Caine

Mai
    $200 8
pedestrian

Mai
    $400 17
Virginia Woolf

Triple Stumper
    $400 2
Jefferson

Fred
    $400 25
Cain

Marty
    $400 20
Canada

Fred
    $400 5
Mario Cuomo

Fred
    $400 9
Connecticut

Fred
    $600 18
Chips

Fred
    $600 3
Theodore Roosevelt

Mai
    $600 26
dominion

Fred
    $600 21
Switzerland

Fred
    $600 13
(Marty: Who is Macaulay Calkin?)

Macaulay Culkin

MaiMarty
    $600 10
inoculate

Mai
    $800 29
[The end-of-round signal sounds.]

(George) Eliot

Fred
    $800 6
Jefferson

Fred
    $800 27
giants

Triple Stumper
    $800 22
a cosmopolitan

Fred
    $800 14
Mary Cassatt

Mai
    $800 11
(Fred: What is in utero?)

embryonic

FredMarty
    $1000 7
Washington

Mai
    $1000 28
(Marty: What is fabric?)

firmament

Marty
Triple Stumper
    $1000 23
[Applause for Fred's run of the category]

vegan

Fred
    $1000 15
Maurice Chevalier

Marty
    $1000 12
(Fred: What is vendetta?)
(Marty: What is transgression?)

peccadillo

FredMarty
Triple Stumper

Scores at the first commercial break (after clue 15):

Fred Mai Marty
$200 $3,800 $400

Scores at the end of the Jeopardy! Round:

Fred Mai Marty
$5,200 $3,800 $0

Double Jeopardy! Round responses

OUR WATERY WORLD
TV PERSONALITY MARRIAGES
CHICKS DIG ME
ANAGRAM ZOO
GEOLOGY
DOWN IN THE "VALLEY"
    $400 4
(Fred: What is the Danube?)

the Rhine

FredMai
    $400 5
Amy Poehler

Fred
    $400 26
Jericho

Mai
    $400 15
Yorkshire

Triple Stumper
    $400 3
(Mai: What is arroyo?)

a coulee

FredMai
    $400 1
the Tennessee Valley Authority

Mai
    $800 12
(Marty: Pacific? What is Pacific?)

the Indian Ocean

FredMarty
    $800 6
Fringe

Triple Stumper
    $800 30
Agatha Christie

Mai
    $800 16
chimpanzee

Mai
    $800 10
the mantle

Mai
    $800 2
(Marty: What is the valley of darkness?)

the valley of the shadow of death

Marty
Triple Stumper
    $2,000 20
Lake Nicaragua

Fred
    $1200 28
SNL (Saturday Night Live)

Mai
    $1200 29
Mary Leakey

Fred
    $1200 17
cormorant

Fred
    $1200 11
(Mai: What is metamorphic?)

amorphous (amorphic accepted)

MaiMarty
    $1,200 7
the Valley of the Kings (the Valley of Kings accepted)

Fred
    $1600 21
the Congo

Mai
    $1600 27
Michael C. Hall

Triple Stumper
    $1600 24
(Alex: You got it, with less than a minute to go.)

Crete

Fred
    $1600 18
badger

Triple Stumper
    $1600 13
sedimentary

Triple Stumper
    $1600 8
lily of the valley

Fred
    $2000 25
60 degrees south

Triple Stumper
    $2000 22
(Mark) Consuelos

Mai
    $2000 23
Neanderthal

Mai
    $2000 19
caiman

Fred
    $2000 14
an oxbow

Fred
    $2000 9
(Mai: What are Hills and Valleys?)

Peaks and Valleys

FredMai

Scores at the end of the Double Jeopardy! Round:

Fred Mai Marty
$21,200 $10,600 -$400
(lock-tie game)

[wagering suggestions for these scores]

Final Jeopardy! Round responses

WORD HISTORY
MaiWhat is gliterat
$10,600
FredWhat is staple?
$0
literati

Final scores:

Fred Mai Marty
$21,200 $0 -$400
2-day champion: $24,400 2nd place: $2,000 3rd place: $1,000

Game dynamics:

Coryat scores:

Fred Mai Marty
$20,400 $10,600 -$400
24 R
(including 3 DDs),
3 W
17 R,
4 W
6 R,
5 W

Combined Coryat: $30,600

[game clues] [game scores] [suggest correction]

Game tape date: 2010-10-26
The J! Archive is created by fans, for fans. Scraping, republication, monetization, and malicious use prohibited; this site may use cookies and collect identifying information. See terms. The Jeopardy! game show and all elements thereof, including but not limited to copyright and trademark thereto, are the property of Jeopardy Productions, Inc. and are protected under law. This website is not affiliated with, sponsored by, or operated by Jeopardy Productions, Inc. Join the discussion at JBoard.tv.